000 00549nam a22001817a 4500
005 20251108174614.0
008 250721s2008 xx 000 0 ara d
082 1 4 _a811.9565/أجر
100 1 _aالأجرب، سامي
_eمؤلف
245 1 0 _aدولامة : شعر /
264 1 _aعمان :
_bدار يافا العلمية للنشر و التوزيع،
_c2008.
300 _a96 ص.
650 1 7 _aالشعر العربي
650 1 7 _aالعصر الحديث
650 1 7 _aالادب العربي
942 _2ddc
_cBK
999 _c113382
_d113382